00618nam a2200229Ia 4500003000400000005001700004008004100021020001500062040001800077041000800095082002100103100002400124245005700148250001200205260004100217300001900258650001900277650002600296650001200322650001800334651003600352OSt20230829144655.0210716s2014 xx 000 0 und d a8170087236 cAIMIT LIBRARY aeng a005.44 21bIBRB aIbrahim, B Mohamed. aLinux :bpractical approach /cby B.Mohamed Ibrahim. a1st ed. aNew Delhi :bFirewall media ,c2014. a187p.;c25 cm. aLinux commands aSystem administration aC shell aMysql and php vMastering fedora core 5 / by Mi